MARC

LEADER 00000nas a2200000 a 4500
001 ssj0007479
003 WaSeSS
005 20200512172242.0
006 m d
007 cr n
008 980410c19689999enkzr pss 0 0eng c
010 |a  2002239071 
015 |a GBB578841  |2 bnb 
016 7 |a 1498351-5  |2 DE-600 
016 7 |a 012433696  |2 Uk 
022 |a 1873-2380  |l 0021-9290  |y 0021-9290 
035 |a (WaSeSS)ssj0007479 
040 |a OH1  |b eng  |c OH1  |d EYM  |d OCLCQ  |d IUL  |d OCLCQ  |d U9S  |d SERSO  |d OCLCQ  |d OCLCO  |d OCLCQ  |d OPELS  |d OCLCQ  |d OPELS  |d OCLCF  |d OCLCO  |d OCLCE  |d LGG  |d OCLCO  |d OCLCQ  |d OCLCO  |d OCLCQ  |d OCLCO  |d OCLCA  |d NLE  |d BUF  |d U3W  |d EZC  |d MST  |d FQM  |d OCLCO  |d AU@  |d OCLCO  |d WYU  |d UKMGB  |d AUD  |d TKN  |d VT2  |d OCLCO  |d WaSeSS 
042 |a pcc 
050 4 |a QP303  |b .J6 
060 0 |a W1 JO564T 
082 0 4 |a 591.1/852  |2 19 
130 0 |a Journal of biomechanics (Online) 
222 0 |a Journal of biomechanics  |b (Online) 
245 1 0 |a Journal of biomechanics  |h [electronic resource]. 
260 |a [Oxford] ;  |a [New York] :  |b Pergamon 
310 |a Sixteen issues a year,  |b 2006- 
321 |a Monthly,  |b -2005 
362 1 |a Print began with vol. 1, no. 1, published in 1968. 
506 |a License restrictions may limit access. 
525 |a Supplements accompany some volumes. 
550 |a Affiliated with: the American Society of Biomechanics; the European Society of Biomechanics; the International Society of Biomechanics; the Japanese Society for Clinical Biomechanics and Related Research; and: the Australian and New Zealand Society of Biomechanics, 1979- 
588 |a Description based on: Vol. 28, issue 6 (June 1995); title from introductory page, viewed Nov. 12, 2002. 
650 0 |a Animal mechanics  |v Periodicals. 
650 0 |a Biomechanics  |v Periodicals. 
650 6 |a Mécanique animale  |v Périodiques. 
650 6 |a Biomécanique  |x Périodiques. 
650 7 |a Animal mechanics.  |2 fast  |0 (OCoLC)fst00809296 
650 7 |a Biomechanics.  |2 fast  |0 (OCoLC)fst00832558 
650 1 7 |a Biomechanica.  |2 gtt 
650 2 |a Biomechanics. 
650 2 |a Biomechanical Phenomena. 
650 2 |a Biomechanics  |v periodicals. 
650 2 |a Biomechanics  |v Periodicals. 
655 0 |a Electronic journals. 
710 2 |a American Society of Biomechanics. 
710 2 |a European Society of Biomechanics. 
710 2 |a International Society of Biomechanics. 
710 2 |a Nihon Rinshō Baiomekanikusu Gakkai. 
710 2 |a Australian and New Zealand Society of Biomechanics. 
770 0 |a International Society of Biomechanics. Congress.  |t Proceedings of the ... Congress, International Society of Biomechanics 
776 0 8 |i Print version:  |t Journal of biomechanics  |x 0021-9290  |w (DLC) 79002206  |w (OCoLC)1754470 
856 4 0 |z Full text available from Research Library: 01/01/2003 to 2 months ago  |u https://search.proquest.com/publication/1226346